| 000 | 00945cab a2200265 4500 | ||
|---|---|---|---|
| 001 | ABS50250 | ||
| 008 | 090401t1994 xxu||||| |||| 00| 0 eng d | ||
| 035 | _a(Sirsi) u74848 | ||
| 041 | _aeng | ||
| 245 | _aFinishing school | ||
| 260 | _c1994 | ||
| 350 | _a0 | ||
| 490 |
_aBuilding _v259(7834) 11 March 1994, 34-45(12) |
||
| 520 | _aA special feature which discusses initiatives to get concrete technology taught in architectural schools and investigates research to develop new materials, and to repair past mistakes. Looks at the variety of finishes in a new concrete building for St John`s College, Oxford. | ||
| 650 | _aBRITE EURAM RESEARCH | ||
| 650 | _aCONCRETE | ||
| 650 | _aDESALINATION | ||
| 650 | _aHIGH-STRENGTH CONCRETE | ||
| 650 | _aREINFORCED CONCRETE COUNCIL | ||
| 650 | _aREINFORCED CONCRETE | ||
| 650 | _aREPAIR METHODS | ||
| 690 | _aBUILT ENVIRONMENT-BUILDING MATERIALS | ||
| 942 | _n0 | ||
| 948 | _c04/03/1997 | ||
| 999 |
_c47158 _d47158 |
||